000 00812nam a22002177a 4500
999 _c9139
_d9139
003 AR-CdUCM
008 190327b ||||| |||| 00| 0 spa d
040 _aMUNICIPALIDAD PROVINCIAL DEL CUSCO
_cBIBLIOTECA MUNICIPAL DEL CUSCO
082 _a121 /
_bM22
100 _aManrique Enriquez, Fernando
_917729
245 _aFilosofía de las ciencias :
_bmotivación propedéutica /
260 _aLima :
_bRentería,
_c2003.
300 _a241 páginas ;
_c21 cm.
500 _aLA hoja de portada esta cortada.
505 _aFilosofía y ciencia -- Filosofía de las ciencias o epistemología -- Clasificación de las ciencias -- Epistemologías regionales...
650 _aFilosofía de la ciencia.
_925173
650 _aFilosofía.
_9395
650 _aEpistemología.
_915376
942 _2ddc
_cLIBROS
945 _awfj